| 000 | 00641nam a22001937a 4500 | ||
|---|---|---|---|
| 005 | 20141124110755.0 | ||
| 010 | _aENG-111292 | ||
| 020 |
_a9789380261522 _c475.00 |
||
| 035 | _aEN-94824 | ||
| 037 | _bDBAD/PUB | ||
| 082 | _a371.10220954 | ||
| 100 | _aWahlang, Caroline | ||
| 245 |
_aFrom gurukul to Web 2.0 : _cby Caroline Wahlang _bdynamics of communication in education / |
||
| 260 |
_aGuwahati _bEBH Publishers _c2012 |
||
| 270 |
_a136, M.L. Nehru Road, Panbazar _bGuwahati _e781001 |
||
| 300 |
_axvi,136p. _c23cm(Hb) |
||
| 500 | _aIncludes bibliographical references and index | ||
| 942 |
_2ddc _cEN _mWAH _h371.10220954 |
||
| 999 |
_c90159 _d90159 |
||